Pohybová liečba a diabetes mellitus

Bibliographic Details
Main Author: Kolesár, Juraj, 1924-2004 (Author)
Format: Article
Language:Slovak
PhysicalDescription:Tb. 2. Grafy 7. Res. angl., franc., nem., lit. 72 zázn. v rôz. jaz.
Subjects:

MARC

LEADER 00000nab a2200000 a 4500
001 vtls000456379
003 SK-MaSNL
005 20260304175404.0
008 230120c1992 xo 0 slo
015 |a SNBRB19rr/mm-uuuuu 
035 |a CL0456510 
035 |a urn:nbn:sk:snk-ab7fqs 
035 |a (urnnbn)urn:nbn:sk:snk:ar-005dta 
035 |a (uuid)4f0b649e-d385-4a5d-8b9e-a878e88acb93 
040 |a SNKBUCL  |b slo  |c SNKBUCL  |e AACR2 
041 0 |a slo 
044 |a xo  |c SK 
080 |a 616.379-008.64:615.825  |2 1981 
080 |a 615.825  |2 1981 
100 1 |a Kolesár, Juraj,  |d 1924-2004  |4 aut  |9 151118 
245 1 0 |a Pohybová liečba a diabetes mellitus  |c J. Kolesár 
300 |b Tb. 2. Grafy 7. Res. angl., franc., nem., lit. 72 zázn. v rôz. jaz. 
650 0 7 |a diabetes mellitus  |2 snkbucl  |9 72741 
650 0 7 |a pohybová terapia  |2 snkbucl  |9 2567 
655 7 |a články z novín a časopisov  |2 snkbucl  |9 267496 
773 0 |t Rehabilitácia  |g Roč. 25, č. 1 (1992), s. 2-19 
850 |a Slovenská národná knižnica v Martine  |a MTA001 
852 |a SNK  |b KIS3GCP 
954 |a odborná, vedecká literatúra pôvodná (slovenská)  |2 lita 
958 |a NB 
958 |a RK 
958 |a MI 
958 |a OND 
958 |a EUIPO 
958 |a article7 
992 |a RBX 
999 |c 3013303  |d 3015233